[Event "Kurnosov Memorial 2020"]
[Site "?"]
[Date "2020.09.05"]
[Round "7.7"]
[White "Savchenko, Boris"]
[Black "Fedoseev, Vladimir"]
[Result "1/2-1/2"]
[WhiteElo "2552"]
[BlackElo "2714"]
[PlyCount "129"]
[EventDate "2020.??.??"]

1. e4 c5 2. Nf3 d6 3. d4 cxd4 4. Nxd4 Nf6 5. Nc3 a6 6. h3 e5 7. Nb3 Be6 8. Be3
Nbd7 9. Qf3 h5 10. O-O-O Rc8 11. Kb1 g6 12. Bg5 Be7 13. Bd3 Kf8 14. g4 Kg7 15.
Rhg1 hxg4 16. hxg4 Nh7 17. Bd2 Bg5 18. Be1 Nhf6 19. Be2 Qe7 20. Qd3 Ne8 21. Nd5
Bxd5 22. exd5 Nb6 23. Na5 Rh2 24. Qb3 Qc7 25. Rg3 Bd8 26. g5 Qe7 27. Qe3 Na4
28. Bg4 Rc5 29. Nb3 Rc4 30. Qe2 b5 31. Na5 Bxa5 32. Bxa5 Rf4 33. Bf3 e4 34. b3
Kf8 35. Rh1 Qe5 36. bxa4 exf3 37. Qxe5 Rxh1+ 38. Qe1 Rxe1+ 39. Bxe1 Rxa4 40.
Rxf3 Rd4 41. Kb2 Rxd5 42. Ra3 Nc7 43. Ba5 Ne6 44. Bb6 Nxg5 45. Rxa6 Ke7 46. c4
bxc4 47. Kc3 Ne4+ 48. Kxc4 Rf5 49. a4 Kd7 50. Ra7+ Kc6 51. a5 Nd2+ 52. Kc3 Nf3
53. Ra8 Rf4 54. Be3 Ra4 55. Kb3 Ra1 56. a6 d5 57. Rc8+ Kd7 58. Rf8 d4 59. a7
dxe3 60. fxe3 Ke6 61. a8=R Rxa8 62. Rxa8 Kf5 63. Kc3 Ke4 64. Re8+ Ne5 65. Kd2
1/2-1/2

[Event "Kurnosov Memorial 2020"]
[Site "?"]
[Date "2020.09.05"]
[Round "7.8"]
[White "Predke, Alexandr"]
[Black "Stupak, Kirill"]
[Result "1/2-1/2"]
[WhiteElo "2645"]
[BlackElo "2537"]
[PlyCount "20"]
[EventDate "2020.??.??"]

1. d4 Nf6 2. Nf3 e6 3. g3 c5 4. Bg2 cxd4 5. O-O Nc6 6. Nxd4 Qb6 7. Nb3 d5 8. c4
dxc4 9. N3d2 Qa6 10. a4 e5 1/2-1/2

[Event "Kurnosov Memorial 2020"]
[Site "?"]
[Date "2020.09.05"]
[Round "7.9"]
[White "Drygalov, Andrey"]
[Black "Chigaev, Maksim"]
[Result "1-0"]
[WhiteElo "2519"]
[BlackElo "2635"]
[PlyCount "165"]
[EventDate "2020.??.??"]

1. e4 e5 2. Nf3 Nc6 3. Bc4 Bc5 4. O-O Nf6 5. d3 d6 6. c3 h6 7. Nbd2 O-O 8. Re1
a5 9. Nf1 a4 10. Bb5 a3 11. b4 Bb6 12. Be3 Bxe3 13. Nxe3 Ne7 14. Bc4 Ng6 15.
Qc2 c6 16. d4 Re8 17. dxe5 Nxe5 18. Nxe5 Rxe5 19. Bd3 Re8 20. Rad1 Qc7 21. h3
Be6 22. c4 Qb6 23. Qc3 Bd7 24. Nc2 Qa7 25. Re3 b5 26. Rde1 bxc4 27. Bxc4 d5 28.
exd5 cxd5 29. Rxe8+ Bxe8 30. Bd3 Bd7 31. Qd4 Qxd4 32. Nxd4 Ra4 33. Rb1 Ne4 34.
Bc2 Ra8 35. Bxe4 dxe4 36. b5 Kf8 37. b6 Ke7 38. Re1 f5 39. f3 Rb8 40. fxe4 Rxb6
41. exf5+ Kf6 42. Re3 Rb4 43. Ne6 Rb1+ 44. Kh2 Rb2 45. Rxa3 Kxf5 46. Nxg7+ Kf6
47. Nh5+ Kg5 48. Ra5+ Kg6 49. Nf4+ Kf7 50. Ra7 Ke8 51. Ra6 Bf5 52. Rf6 Bd7 53.
Rxh6 Rxa2 54. Nd5 Kf8 55. Rb6 Rd2 56. Nf4 Rf2 57. Kg3 Rc2 58. Ng6+ Ke8 59. Ne5
Bf5 60. Rf6 Bc8 61. Rf2 Rc5 62. Kf4 Ke7 63. g4 Kf6 64. g5+ Ke6 65. Re2 Rd5 66.
Nf3+ Kf7 67. h4 Kg6 68. Re7 Kh5 69. Rh7+ Kg6 70. Rh6+ Kg7 71. Rf6 Ra5 72. h5
Ra4+ 73. Ke3 Ra3+ 74. Kf2 Bg4 75. h6+ Kh7 76. Rf7+ Kg6 77. Rf6+ Kh7 78. Ne5 Bh5
79. Re6 Ra8 80. Re7+ Kg8 81. Kg3 Ra4 82. g6 Bxg6 83. Rg7+ 1-0

[Event "Kurnosov Memorial 2020"]
[Site "?"]
[Date "2020.09.05"]
[Round "7.10"]
[White "Faizrakhmanov, Ramil"]
[Black "Bocharov, Dmitry"]
[Result "1-0"]
[WhiteElo "2472"]
[BlackElo "2608"]
[PlyCount "153"]
[EventDate "2020.??.??"]

1. d4 d6 2. Nf3 Nf6 3. c4 g6 4. Nc3 Bf5 5. e3 Bg7 6. Bd3 Bxd3 7. Qxd3 O-O 8.
O-O c5 9. b3 cxd4 10. Nxd4 Nbd7 11. Bb2 Qa5 12. h3 Rfc8 13. Rfd1 a6 14. Rac1
Rc7 15. Qe2 Rac8 16. e4 Ne5 17. a3 Qb6 18. Nd5 Nxd5 19. exd5 Nd7 20. Qe3 Nc5
21. Rc2 Rd7 22. b4 Na4 23. Ba1 Qd8 24. Nb3 Bxa1 25. Rxa1 Rdc7 26. Rac1 Qd7 27.
Qd4 e6 28. dxe6 Qxe6 29. Qd3 Nb6 30. c5 dxc5 31. Rxc5 Rxc5 32. Nxc5 Qe7 33. Rd1
Rc7 34. Qd4 Rc6 35. Qd8+ Qxd8 36. Rxd8+ Kg7 37. Nxb7 Rc3 38. Rd6 Nc4 39. Rc6
Rc2 40. a4 Ne3 41. Rxc2 Nxc2 42. b5 axb5 43. axb5 Kf6 44. b6 Ke7 45. Nc5 Kd6
46. Ne4+ Kc6 47. Ng5 Kxb6 48. Nxf7 Kc6 49. Ng5 h5 50. Ne6 Kd6 51. Nf4 Ke5 52.
Nxg6+ Kf5 53. Nh4+ Kf6 54. Nf3 Nb4 55. Kh2 Nd3 56. Kg3 Kf5 57. Nd4+ Ke5 58. Ne2
Kf5 59. f4 Ne1 60. Kf2 Nd3+ 61. Ke3 Nb4 62. Kf3 h4 63. Nd4+ Kg6 64. Kg4 Nd5 65.
f5+ Kf6 66. Kxh4 Ke5 67. Kg5 Kxd4 68. f6 Nc7 69. Kf5 Kd5 70. f7 Ne6 71. Kf6 Kd6
72. g4 Nf8 73. g5 Nd7+ 74. Kg7 Ke7 75. h4 Nf8 76. h5 Ne6+ 77. Kg8 1-0

[Event "Kurnosov Memorial 2020"]
[Site "?"]
[Date "2020.09.05"]
[Round "7.11"]
[White "Matinian, Nikita"]
[Black "Zvjaginsev, Vadim"]
[Result "0-1"]
[WhiteElo "2455"]
[BlackElo "2585"]
[PlyCount "65"]
[EventDate "2020.??.??"]

1. e4 c5 2. Nf3 Nc6 3. Bb5 g6 4. Bxc6 bxc6 5. O-O Bg7 6. Re1 Rb8 7. c3 Nf6 8.
d4 cxd4 9. cxd4 O-O 10. Nc3 d6 11. b3 Bg4 12. Bb2 Nd7 13. Na4 Nb6 14. Nxb6 Qxb6
15. Rc1 Qa6 16. Ra1 c5 17. e5 Rfd8 18. h3 Be6 19. d5 dxe5 20. Bxe5 Rxd5 21.
Bxb8 Rxd1 22. Raxd1 h6 23. Rd8+ Kh7 24. Be5 Qxa2 25. Bxg7 Kxg7 26. Re8 Kf6 27.
Re3 a5 28. Ne5 Bxb3 29. Nd7+ Kg7 30. Nxc5 Bd5 31. R8xe7 a4 32. Rd7 a3 33. Ra7
0-1

[Event "Kurnosov Memorial 2020"]
[Site "?"]
[Date "2020.09.05"]
[Round "7.12"]
[White "Khanin, Semen"]
[Black "Aleksandrov, Aleksej"]
[Result "1/2-1/2"]
[WhiteElo "2579"]
[BlackElo "2549"]
[PlyCount "63"]
[EventDate "2020.??.??"]

1. d4 Nf6 2. c4 e6 3. Nf3 d5 4. Nc3 Bb4 5. Bg5 h6 6. Bxf6 Qxf6 7. e3 O-O 8. Qb3
c5 9. cxd5 exd5 10. dxc5 Bxc3+ 11. Qxc3 Qxc3+ 12. bxc3 Nd7 13. Rd1 Nf6 14. Nd4
Bd7 15. Bd3 Rfc8 16. Nb3 b6 17. Ba6 Rc7 18. c4 dxc4 19. Bxc4 Ba4 20. Rc1 Bxb3
21. Bxb3 Rac8 22. Ke2 Nd7 23. c6 Rxc6 24. Rxc6 Rxc6 25. Rd1 Rc7 26. e4 Kf8 27.
Ke3 Ke7 28. f4 f6 29. Rd2 Nc5 30. Rc2 Kd6 31. Rd2+ Ke7 32. Rc2 1/2-1/2

[Event "Kurnosov Memorial 2020"]
[Site "?"]
[Date "2020.09.05"]
[Round "8.1"]
[White "Sjugirov, Sanan"]
[Black "Matlakov, Maxim"]
[Result "0-1"]
[WhiteElo "2640"]
[BlackElo "2660"]
[PlyCount "46"]
[EventDate "2020.??.??"]

1. e4 e5 2. Nf3 Nc6 3. Bb5 a6 4. Ba4 Nf6 5. O-O Bc5 6. c3 b5 7. Bb3 d6 8. d4
Bb6 9. a4 Bb7 10. Re1 O-O 11. Bg5 h6 12. Bh4 exd4 13. axb5 axb5 14. Rxa8 Bxa8
15. Na3 dxc3 16. bxc3 g5 17. Bg3 Re8 18. Qb1 Ne5 19. Nxe5 dxe5 20. Nxb5 h5 21.
h4 Ng4 22. hxg5 Qxg5 23. Qc1 Qf6 0-1

[Event "Kurnosov Memorial 2020"]
[Site "?"]
[Date "2020.09.05"]
[Round "8.3"]
[White "Paravyan, David"]
[Black "Demidov, Mikhail"]
[Result "0-1"]
[WhiteElo "2606"]
[BlackElo "2636"]
[PlyCount "84"]
[EventDate "2020.??.??"]

1. d4 e6 2. Nf3 Nf6 3. c4 Bb4+ 4. Bd2 Qe7 5. Nc3 Bxc3 6. Bxc3 Ne4 7. Qc2 Nxc3
8. Qxc3 O-O 9. e4 d6 10. Bd3 Nd7 11. e5 dxe5 12. dxe5 Nc5 13. Bc2 a5 14. O-O-O
b6 15. h4 Bb7 16. Ng5 h6 17. Rd4 Rad8 18. Rf4 f5 19. exf6 Rxf6 20. Nh3 Rxf4 21.
Nxf4 Qf6 22. Qe3 Qd4 23. Rd1 Qxe3+ 24. fxe3 Rxd1+ 25. Kxd1 Kf7 26. g3 Be4 27.
Ne2 Kf6 28. Nc3 Bxc2+ 29. Kxc2 Kf5 30. Nb5 c6 31. Nd6+ Kg4 32. a3 Kxg3 33. h5
Kg4 34. b4 axb4 35. axb4 Na6 36. b5 cxb5 37. cxb5 Nc7 38. Kd3 Kxh5 39. Kc4 Kg4
40. Nc8 Na8 41. Nxb6 Nxb6+ 42. Kc5 Nc8 0-1

[Event "Kurnosov Memorial 2020"]
[Site "?"]
[Date "2020.09.05"]
[Round "8.4"]
[White "Zvjaginsev, Vadim"]
[Black "Demchenko, Anton"]
[Result "1/2-1/2"]
[WhiteElo "2585"]
[BlackElo "2631"]
[PlyCount "61"]
[EventDate "2020.??.??"]

1. e4 e5 2. Nf3 Nc6 3. g3 Nf6 4. d3 d5 5. exd5 Nxd5 6. Bg2 Bd6 7. O-O O-O 8.
Re1 Bg4 9. h3 Bh5 10. c3 Nb6 11. a4 a5 12. Na3 Bxa3 13. Rxa3 f6 14. Ra1 Kh8 15.
Be3 Qd6 16. g4 Bg6 17. d4 e4 18. Nh4 Rae8 19. Qb3 Bf7 20. Qc2 g6 21. Bh6 Rg8
22. Rxe4 Bd5 23. Rxe8 Rxe8 24. Nxg6+ hxg6 25. Qxg6 Re7 26. Qh5 Bf7 27. Qf5 Qe6
28. Qf4 Qd6 29. Qf5 Qe6 30. Qf4 Qd6 31. Qf5 1/2-1/2

[Event "Kurnosov Memorial 2020"]
[Site "?"]
[Date "2020.09.05"]
[Round "8.5"]
[White "Esipenko, Andrey"]
[Black "Drygalov, Andrey"]
[Result "0-1"]
[WhiteElo "2629"]
[BlackElo "2519"]
[PlyCount "106"]
[EventDate "2020.??.??"]

1. c4 c6 2. Nf3 d5 3. d4 Nf6 4. e3 Bf5 5. Nc3 e6 6. Nh4 Be4 7. Qb3 Qc7 8. f3
Bg6 9. Bd2 Be7 10. Nxg6 hxg6 11. O-O-O Nbd7 12. cxd5 exd5 13. Be2 O-O-O 14. e4
Nf8 15. e5 N6d7 16. Kb1 Kb8 17. Be3 g5 18. Rc1 Qb6 19. Qc2 g6 20. h4 gxh4 21.
g4 f6 22. f4 fxe5 23. fxe5 Ne6 24. Qxg6 Ndf8 25. Qf5 Rg8 26. Rcd1 a6 27. Qf2
Bg5 28. Bxg5 Nxg5 29. Rxh4 Nfe6 30. Rh6 Rh8 31. Rh5 Rdf8 32. Qe3 Rhg8 33. a3
Rf4 34. Na4 Qc7 35. Nc5 Qf7 36. Rxg5 Nxg5 37. e6 Nxe6 38. Qe5+ Ka7 39. Nxe6 Re4
40. Qd6 Qxe6 41. Qxe6 Rxe6 42. Bd3 Rge8 43. Rd2 Re3 44. Ka2 Rg3 45. Bf5 Re7 46.
Rh2 Kb6 47. Rc2 Rg1 48. Rd2 a5 49. a4 Ree1 50. Rd3 Rd1 51. Rxd1 Rxd1 52. g5
Rxd4 53. g6 Rd1 0-1

[Event "Kurnosov Memorial 2020"]
[Site "?"]
[Date "2020.09.05"]
[Round "8.6"]
[White "Timofeev, Artyom"]
[Black "Lysyj, Igor"]
[Result "1/2-1/2"]
[WhiteElo "2597"]
[BlackElo "2626"]
[PlyCount "73"]
[EventDate "2020.??.??"]

1. Nf3 Nf6 2. g3 d5 3. Bg2 e6 4. b3 Be7 5. Bb2 O-O 6. O-O b6 7. d3 Bb7 8. Nbd2
c5 9. e3 Nc6 10. Qe2 Qc7 11. c4 Rfd8 12. Rac1 dxc4 13. Nxc4 Rac8 14. a3 b5 15.
Ncd2 Qb6 16. Rc2 Nb8 17. Rfc1 Nbd7 18. h3 a6 19. e4 Ne8 20. h4 Nf8 21. Qe3 Qd6
22. Bf1 Qb8 23. a4 Ba8 24. axb5 axb5 25. d4 cxd4 26. Nxd4 Rxc2 27. Rxc2 b4 28.
Nc6 Bxc6 29. Rxc6 Qa8 30. Ra6 Qc8 31. Ra5 Qc2 32. Nc4 Nf6 33. Bxf6 Bxf6 34. e5
Be7 35. Ra7 Rd7 36. Rxd7 Nxd7 37. Qd3 1/2-1/2

[Event "Kurnosov Memorial 2020"]
[Site "?"]
[Date "2020.09.05"]
[Round "8.7"]
[White "Sarana, Alexey"]
[Black "Frolyanov, Dmitry"]
[Result "1-0"]
[WhiteElo "2618"]
[BlackElo "2471"]
[PlyCount "99"]
[EventDate "2020.??.??"]

1. Nf3 d5 2. d4 Nf6 3. c4 e6 4. Bg5 Bb4+ 5. Nc3 dxc4 6. e4 h6 7. Bxf6 Qxf6 8.
Bxc4 c5 9. O-O cxd4 10. e5 Qd8 11. Ne4 O-O 12. Nxd4 Be7 13. Qg4 Nd7 14. Nf3 Qa5
15. Qf4 b5 16. Bd3 Bb7 17. Rfd1 Rfd8 18. Rac1 Rac8 19. Rxc8 Rxc8 20. Bb1 Bd5
21. Nc3 Bc6 22. Nd4 Nf8 23. Nxc6 Rxc6 24. Qe4 Rc7 25. g3 b4 26. Ne2 Rc5 27. f4
Qc7 28. b3 a5 29. Kg2 Qc8 30. h4 h5 31. Bd3 g6 32. Bc4 Rc7 33. Nd4 Kg7 34. Nb5
Rd7 35. Nd6 Qc5 36. Bb5 Ra7 37. Be8 Bxd6 38. exd6 Nd7 39. Bxd7 Rxd7 40. Qe5+
Qxe5 41. fxe5 Kf8 42. Rc1 Rd8 43. Kf3 Ke8 44. Kf4 a4 45. Kg5 axb3 46. axb3 Ra8
47. Kf6 Ra3 48. Rc8+ Kd7 49. Rc7+ Kd8 50. Rxf7 1-0

[Event "Kurnosov Memorial 2020"]
[Site "?"]
[Date "2020.09.05"]
[Round "8.8"]
[White "Aleksandrov, Aleksej"]
[Black "Faizrakhmanov, Ramil"]
[Result "1-0"]
[WhiteElo "2549"]
[BlackElo "2472"]
[PlyCount "47"]
[EventDate "2020.??.??"]

1. d4 Nf6 2. c4 e6 3. Nc3 Bb4 4. e3 O-O 5. Bd3 c5 6. Nf3 b6 7. Bd2 Bb7 8. a3
Bxc3 9. Bxc3 Ne4 10. Bxe4 Bxe4 11. dxc5 bxc5 12. Qd6 Bxf3 13. gxf3 Qb6 14. Qg3
f6 15. Rg1 g6 16. h4 Nc6 17. h5 Ne7 18. O-O-O Rad8 19. hxg6 hxg6 20. Rh1 e5 21.
f4 d6 22. f5 g5 23. Qh3 Kf7 24. Qh5+ 1-0

[Event "Kurnosov Memorial 2020"]
[Site "?"]
[Date "2020.09.05"]
[Round "8.9"]
[White "Artemiev, Vladislav"]
[Black "Belyakov, Bogdan"]
[Result "1-0"]
[WhiteElo "2769"]
[BlackElo "2497"]
[PlyCount "49"]
[EventDate "2020.??.??"]

1. d4 Nf6 2. Nf3 g6 3. g3 Bg7 4. Bg2 O-O 5. O-O d6 6. Nc3 Nbd7 7. a4 a5 8. Re1
Re8 9. Bf4 Nh5 10. Be3 Nhf6 11. Qd2 c6 12. Bh6 Bh8 13. Rad1 e5 14. dxe5 dxe5
15. Ng5 Ng4 16. Nge4 Nxh6 17. Qxh6 Qe7 18. Nd6 Rd8 19. Bh3 Bf6 20. Nce4 Nb6 21.
Bxc8 Nxc8 22. Nf5 Rxd1 23. Nxe7+ Bxe7 24. Rxd1 f5 25. Ng5 1-0

[Event "Kurnosov Memorial 2020"]
[Site "?"]
[Date "2020.09.05"]
[Round "8.10"]
[White "Fedoseev, Vladimir"]
[Black "Maltsevskaya, Aleksandra"]
[Result "1-0"]
[WhiteElo "2714"]
[BlackElo "2361"]
[PlyCount "43"]
[EventDate "2020.??.??"]

1. e4 c6 2. d4 d5 3. f3 g6 4. e5 Bg7 5. f4 Nh6 6. Nf3 O-O 7. Bd3 c5 8. dxc5
Qa5+ 9. Nbd2 Nf5 10. Qe2 Nc6 11. c3 Qxc5 12. Nb3 Qb6 13. g4 Nh6 14. h3 f6 15.
e6 a5 16. Be3 Qc7 17. Nbd4 Kh8 18. f5 gxf5 19. gxf5 a4 20. Rg1 Ne5 21. Nxe5
fxe5 22. Qg2 1-0

[Event "Kurnosov Memorial 2020"]
[Site "?"]
[Date "2020.09.05"]
[Round "8.11"]
[White "Kokarev, Dmitry"]
[Black "Naumkin, Igor"]
[Result "1-0"]
[WhiteElo "2648"]
[BlackElo "2449"]
[PlyCount "129"]
[EventDate "2020.??.??"]

1. e4 e5 2. Nf3 Nc6 3. Bb5 a6 4. Ba4 Nf6 5. O-O Be7 6. Bxc6 dxc6 7. d3 Nd7 8.
b3 O-O 9. Bb2 f6 10. Nbd2 Nc5 11. Nh4 g6 12. g3 Ne6 13. Kh1 c5 14. f4 exf4 15.
gxf4 Ng7 16. f5 gxf5 17. Rg1 Rf7 18. Nxf5 Bxf5 19. exf5 Qd5+ 20. Qf3 Qxf3+ 21.
Nxf3 Kf8 22. Nh4 Bd6 23. Rae1 Re8 24. Kg2 Rxe1 25. Rxe1 Bf4 26. Ba3 b6 27. d4
Bd6 28. dxc5 Bxc5 29. Bxc5+ bxc5 30. Rd1 Re7 31. Rd8+ Kf7 32. Kf3 Ne8 33. Ra8
Nd6 34. Rxa6 Nb5 35. Kf4 Nd4 36. Ra5 Nxc2 37. Rxc5 Nb4 38. Rc4 Nxa2 39. Nf3 Rd7
40. h4 h5 41. Ke3 Ke7 42. Nd4 Kd6 43. Nb5+ Ke5 44. Nd4 Kd5 45. Ne2 Re7+ 46. Kf3
c5 47. Nf4+ Kd6 48. Nxh5 Nb4 49. Nxf6 Ke5 50. Ng4+ Kxf5 51. Rxc5+ Kg6 52. h5+
Kh7 53. Rb5 Nc6 54. Kf4 Nd4 55. Rb6 Rf7+ 56. Ke4 Ne2 57. Rh6+ Kg7 58. Rg6+ Kf8
59. h6 Ng3+ 60. Kd5 Nf5 61. Rg5 Ke7 62. h7 Rxh7 63. Rxf5 Rh3 64. Re5+ Kd8 65.
Ne3 1-0

[Event "Kurnosov Memorial 2020"]
[Site "?"]
[Date "2020.09.05"]
[Round "8.12"]
[White "Zakhartsov, Vladimir"]
[Black "Predke, Alexandr"]
[Result "0-1"]
[WhiteElo "2517"]
[BlackElo "2645"]
[PlyCount "94"]
[EventDate "2020.??.??"]

1. Nf3 d5 2. d4 Nf6 3. g3 c6 4. Bg2 Bf5 5. O-O e6 6. a4 a5 7. c4 Na6 8. Qb3 Nb4
9. Na3 h6 10. Bd2 Be7 11. Rfc1 O-O 12. c5 b6 13. Bxb4 axb4 14. Qxb4 Nd7 15. Nb1
bxc5 16. dxc5 Nxc5 17. Qc3 Nxa4 18. Qxc6 Nxb2 19. Nbd2 Bf6 20. e4 Rxa1 21. Rxa1
dxe4 22. Nxe4 Bxe4 23. Qxe4 Qb6 24. Ra8 g6 25. Rxf8+ Kxf8 26. h4 Qc5 27. Qe2
Kg7 28. Nd2 Qd4 29. Be4 Na4 30. Qd3 Qb4 31. Bf3 Nc5 32. Qc2 Bd4 33. Ne4 Qe1+
34. Kg2 Nxe4 35. Bxe4 Bxf2 36. Qb2+ Kh7 37. Qb7 Qg1+ 38. Kf3 Qxg3+ 39. Ke2 Kg7
40. h5 g5 41. Qb2+ e5 42. Qb7 Bd4 43. Bd5 Qe3+ 44. Kd1 Qf2 45. Qc7 Qg1+ 46. Ke2
Qh2+ 47. Kd3 e4+ 0-1

[Event "Kurnosov Memorial 2020"]
[Site "?"]
[Date "2020.09.05"]
[Round "9.1"]
[White "Matlakov, Maxim"]
[Black "Drygalov, Andrey"]
[Result "1-0"]
[WhiteElo "2660"]
[BlackElo "2519"]
[PlyCount "69"]
[EventDate "2020.??.??"]

1. d4 Nf6 2. Nf3 g6 3. g3 Bg7 4. Bg2 d5 5. O-O O-O 6. c3 Nbd7 7. a4 a5 8. Bf4
c6 9. Na3 Nh5 10. Bg5 Qb6 11. c4 e6 12. Qc2 Nhf6 13. Rfd1 Re8 14. Rac1 Ne4 15.
Be3 Qd8 16. Nb1 Nd6 17. b3 Nf5 18. Bf4 Qb6 19. e3 dxc4 20. bxc4 c5 21. Nc3 cxd4
22. exd4 h6 23. Nb5 g5 24. Bc7 Qa6 25. g4 Ne7 26. Bg3 Nf6 27. Nc7 Qa7 28. Nxa8
Qxa8 29. Ne5 Bd7 30. d5 Qc8 31. h3 exd5 32. Nxd7 Qxd7 33. cxd5 Ng6 34. d6 Nf8
35. Qb3 1-0

[Event "Kurnosov Memorial 2020"]
[Site "?"]
[Date "2020.09.05"]
[Round "9.2"]
[White "Demidov, Mikhail"]
[Black "Sarana, Alexey"]
[Result "1-0"]
[WhiteElo "2636"]
[BlackElo "2618"]
[PlyCount "63"]
[EventDate "2020.??.??"]

1. d4 d5 2. Nf3 Nf6 3. c4 e6 4. e3 Be7 5. Nc3 O-O 6. Bd3 c5 7. O-O cxd4 8. exd4
Nc6 9. cxd5 Nxd5 10. Re1 Nxc3 11. bxc3 b6 12. h4 Bb7 13. Ng5 Bxg5 14. hxg5 Ne7
15. Re3 Nf5 16. Rh3 Qd5 17. Bf1 g6 18. Bf4 f6 19. gxf6 Rxf6 20. Be5 Rf7 21. Qg4
Ne7 22. Bd3 Kf8 23. c4 Qc6 24. Re1 Rd8 25. Be4 Qc8 26. Bxb7 Qxb7 27. Qxe6 Nf5
28. Bf6 Qd7 29. Bxd8 Qxd8 30. d5 Qg5 31. Qe8+ Kg7 32. Rxh7+ 1-0

[Event "Kurnosov Memorial 2020"]
[Site "?"]
[Date "2020.09.05"]
[Round "9.3"]
[White "Timofeev, Artyom"]
[Black "Artemiev, Vladislav"]
[Result "0-1"]
[WhiteElo "2597"]
[BlackElo "2769"]
[PlyCount "174"]
[EventDate "2020.??.??"]

1. d4 Nf6 2. c4 g6 3. Nc3 d5 4. cxd5 Nxd5 5. e4 Nxc3 6. bxc3 Bg7 7. Bc4 c5 8.
Ne2 O-O 9. O-O Nc6 10. Be3 Bg4 11. f3 Bd7 12. Rc1 Rc8 13. Qd2 Qa5 14. d5 Ne5
15. Bb3 Qa6 16. Rfd1 Bb5 17. Nf4 Nc4 18. Bxc4 Bxc4 19. Rc2 Rfd8 20. h4 e6 21.
Qf2 Qa4 22. Rdd2 exd5 23. Nxd5 Bxd5 24. Rxd5 Rxd5 25. exd5 Qc4 26. d6 Be5 27.
Rd2 Qxc3 28. Rd1 Rd8 29. Bxc5 b6 30. f4 bxc5 31. fxe5 Qxe5 32. d7 Kg7 33. Qd2
c4 34. Qd4 Qxd4+ 35. Rxd4 c3 36. Rc4 Rxd7 37. Rxc3 Rd4 38. h5 gxh5 39. Ra3 Rd7
40. Ra6 f6 41. Kf2 Kg6 42. Kf3 Kg5 43. g3 f5 44. Ra4 Rc7 45. Kf2 Rd7 46. Kf3 h6
47. Kf2 Re7 48. Kf3 Rf7 49. Ra6 Rc7 50. Ra4 Rd7 51. Kf2 Kf6 52. Ra6+ Ke5 53.
Rxh6 Rd2+ 54. Ke3 Rxa2 55. Rxh5 Ra3+ 56. Kf2 Ra4 57. Rh8 a5 58. Re8+ Kd5 59.
Rd8+ Ke6 60. Re8+ Kf7 61. Ra8 Ra1 62. Ra6 a4 63. Kf3 a3 64. Kg2 Ke7 65. Kh2 Kd7
66. Ra5 Ke6 67. Kg2 Kf6 68. Kh2 Ra2+ 69. Kh3 Kg6 70. Ra4 Kg5 71. Ra5 Kf6 72.
Ra6+ Ke5 73. Ra5+ Ke4 74. Ra4+ Kd3 75. Kh4 Kc3 76. Ra8 Ra1 77. Kg5 a2 78. Kxf5
Rf1+ 79. Ke6 a1=Q 80. Rxa1 Rxa1 81. g4 Rg1 82. Kf5 Kd4 83. g5 Kd5 84. Kf6 Kd6
85. g6 Rf1+ 86. Kg7 Ke7 87. Kh7 Rg1 0-1

[Event "Kurnosov Memorial 2020"]
[Site "?"]
[Date "2020.09.05"]
[Round "9.4"]
[White "Fedoseev, Vladimir"]
[Black "Zvjaginsev, Vadim"]
[Result "1/2-1/2"]
[WhiteElo "2714"]
[BlackElo "2585"]
[PlyCount "85"]
[EventDate "2020.??.??"]

1. d4 d5 2. c4 e6 3. Nf3 a6 4. Bg5 Be7 5. Bxe7 Qxe7 6. Qc2 Nf6 7. g3 O-O 8. Bg2
dxc4 9. Qxc4 b5 10. Qc2 Bb7 11. O-O Rc8 12. Rc1 Nbd7 13. a4 c5 14. axb5 cxd4
15. Qd1 Rxc1 16. Qxc1 Rc8 17. Qd1 axb5 18. Nxd4 Bxg2 19. Kxg2 Nc5 20. Nd2 Qb7+
21. N2f3 Nce4 22. h3 Ng5 23. Rc1 Rxc1 24. Qxc1 Nxf3 25. Nxf3 h6 26. Qc5 Ne4 27.
Qd4 Ng5 28. Qd8+ Kh7 29. Qd3+ Kg8 30. h4 Nxf3 31. Qxf3 Qd7 32. Qc3 h5 33. Qc5
g6 34. b4 Kg7 35. f3 f6 36. g4 hxg4 37. fxg4 e5 38. Kg3 Qd1 39. Qe7+ Kg8 40.
Qe8+ Kg7 41. Qe7+ Kg8 42. Qe6+ Kg7 43. Qe7+ 1/2-1/2

[Event "Kurnosov Memorial 2020"]
[Site "?"]
[Date "2020.09.05"]
[Round "9.5"]
[White "Khanin, Semen"]
[Black "Rakhmanov, Aleksandr"]
[Result "1/2-1/2"]
[WhiteElo "2579"]
[BlackElo "2665"]
[PlyCount "63"]
[EventDate "2020.??.??"]

1. e4 d5 2. exd5 Qxd5 3. Nc3 Qd8 4. d4 Nf6 5. Nf3 Bg4 6. h3 Bxf3 7. Qxf3 c6 8.
Bd3 e6 9. Ne2 Qa5+ 10. c3 Qd5 11. Qxd5 cxd5 12. Bf4 Nc6 13. a4 Kd7 14. a5 Bd6
15. h4 Bxf4 16. Nxf4 g6 17. Kd2 h6 18. f3 g5 19. Ne2 Rag8 20. hxg5 hxg5 21. b4
Kd6 22. g4 Ne7 23. Rag1 Nc8 24. Rxh8 Rxh8 25. f4 Rg8 26. Ke3 Ke7 27. fxg5 Rxg5
28. Kf4 Rg8 29. g5 Nh5+ 30. Kg4 Nf6+ 31. Kf3 Nh5 32. Kg4 1/2-1/2

[Event "Kurnosov Memorial 2020"]
[Site "?"]
[Date "2020.09.05"]
[Round "9.6"]
[White "Afanasiev, Nikita"]
[Black "Kokarev, Dmitry"]
[Result "1/2-1/2"]
[WhiteElo "2565"]
[BlackElo "2648"]
[PlyCount "81"]
[EventDate "2020.??.??"]

1. d4 Nf6 2. c4 g6 3. Nc3 Bg7 4. e4 d6 5. h3 O-O 6. Be3 c5 7. Nf3 cxd4 8. Nxd4
Nc6 9. Be2 Nxd4 10. Bxd4 Bh6 11. Qd3 e5 12. Be3 Bxe3 13. Qxe3 Be6 14. O-O Qc7
15. Rac1 Qc5 16. Qd3 Rac8 17. b3 a6 18. Rfd1 Rfd8 19. Qd2 Kg7 20. Bf1 Qb4 21.
Nb1 Qxd2 22. Nxd2 Bd7 23. Bd3 Bc6 24. Kf1 Nd7 25. Ke2 Nc5 26. b4 Nxd3 27. Kxd3
f5 28. Ke3 b5 29. f3 Kf6 30. c5 d5 31. exd5 Bxd5 32. a3 Ke6 33. Rc3 Bc6 34. Rd3
f4+ 35. Ke2 Rxd3 36. Kxd3 Rd8+ 37. Ke2 g5 38. Ne4 Rxd1 39. Kxd1 Bxe4 40. fxe4
h5 41. Ke2 1/2-1/2

[Event "Kurnosov Memorial 2020"]
[Site "?"]
[Date "2020.09.05"]
[Round "9.7"]
[White "Predke, Alexandr"]
[Black "Iljiushenok, Ilia"]
[Result "1/2-1/2"]
[WhiteElo "2645"]
[BlackElo "2443"]
[PlyCount "155"]
[EventDate "2020.??.??"]

1. d4 Nf6 2. Nf3 g6 3. Nbd2 c5 4. dxc5 Qa5 5. a3 Qxc5 6. b4 Qc7 7. Bb2 Bg7 8.
c4 O-O 9. e3 d6 10. Be2 b6 11. O-O Bb7 12. Qb3 Nbd7 13. Rfc1 Rac8 14. h3 Qb8
15. Bf1 Qa8 16. Nd4 Ne4 17. Nxe4 Bxe4 18. Nb5 Nf6 19. Qa4 a6 20. Nc3 Bb7 21.
Rd1 Rfd8 22. Rac1 e6 23. Ba1 h5 24. Bb2 d5 25. cxd5 b5 26. Qb3 Bxd5 27. Nxd5
Nxd5 28. Be2 Qb8 29. Bf3 Rxc1 30. Rxc1 Bxb2 31. Qxb2 Nb6 32. Qf6 Nc4 33. g4
hxg4 34. hxg4 Rd2 35. Be4 Nxe3 36. Qg5 Nc4 37. Bxg6 Qd8 38. Qxd8+ Rxd8 39. Be4
Rd4 40. f3 Nxa3 41. Ra1 Nc4 42. Rxa6 Nd2 43. Bc6 Rxb4 44. Kf2 Rb2 45. Kg3 Kg7
46. Ra7 Kf6 47. f4 b4 48. Kh4 Nc4 49. g5+ Kg7 50. Bd7 Re2 51. Rb7 Re4 52. Rxb4
Rxf4+ 53. Kg3 Rd4 54. Bb5 Nd6 55. Rxd4 Nf5+ 56. Kf4 Nxd4 57. Bd3 Nc6 58. Be4
Na5 59. Ke5 Nc4+ 60. Kf4 Kf8 61. Bd3 Nb6 62. Ke5 Ke7 63. Bb5 Nc8 64. Kf4 Kd6
65. Be8 Ke7 66. Bb5 Nd6 67. Bd3 Nb7 68. Ke5 Nd6 69. Kf4 Nc8 70. Bh7 Kf8 71. Ke5
Kg7 72. Bc2 Ne7 73. Be4 Ng6+ 74. Kd6 Nf4 75. Ke5 Nh3 76. g6 fxg6 77. Bxg6 Kxg6
78. Kxe6 1/2-1/2

[Event "Kurnosov Memorial 2020"]
[Site "?"]
[Date "2020.09.05"]
[Round "9.8"]
[White "Savchenko, Boris"]
[Black "Sjugirov, Sanan"]
[Result "0-1"]
[WhiteElo "2552"]
[BlackElo "2640"]
[PlyCount "172"]
[EventDate "2020.??.??"]

1. e4 c5 2. Nf3 Nc6 3. c3 Nf6 4. e5 Nd5 5. Bc4 Nb6 6. Bb3 d5 7. exd6 c4 8. Bc2
Qxd6 9. Qe2 Bg4 10. b3 cxb3 11. axb3 e6 12. Na3 Qd8 13. O-O Be7 14. Nc4 Nd5 15.
Ne3 Nxe3 16. fxe3 O-O 17. Ra4 Bf5 18. Bxf5 exf5 19. Qb5 Qd7 20. Nd4 g6 21. Nxc6
bxc6 22. Qa6 Rfb8 23. b4 c5 24. bxc5 Bxc5 25. Ra2 Bf8 26. Ba3 Rb6 27. Qa5 Bxa3
28. Qxa3 a5 29. Qa4 Qe6 30. h3 h5 31. Rfa1 Rd6 32. Qf4 Rad8 33. d4 Rc6 34. Rxa5
Rxc3 35. Re5 Qf6 36. Ra7 Rf8 37. Ree7 Rc2 38. Rec7 Re2 39. Qf3 Rb2 40. Rab7
Rxb7 41. Rxb7 Qd6 42. Ra7 Qb8 43. Ra6 Re8 44. Ra1 Kg7 45. Qf2 Qb3 46. Re1 Qc3
47. Re2 Qd3 48. Re1 Qc3 49. Re2 Re4 50. g3 Re6 51. Qf3 Ra6 52. Kf2 Ra1 53. Qg2
Qc1 54. h4 Qd1 55. Rb2 Qe1+ 56. Kf3 Qd1+ 57. Qe2 Qh1+ 58. Qg2 Qc1 59. Rd2 Qc4
60. Kf2 Qc3 61. Kf3 Qc4 62. Kf2 Qb4 63. Kf3 Qb5 64. Kf2 Qa5 65. Re2 Qc3 66. Kf3
Qc6+ 67. Kf2 Qc1 68. Kf3 Qd1 69. Kf4 Qc1 70. Kf3 Kh7 71. Rc2 Qb1 72. Rd2 Qb5
73. Kf2 Qb4 74. Kf3 Qc4 75. Kf2 Qc3 76. Re2 Kg7 77. Kf3 Qd3 78. Kf2 Qd1 79. Rb2
f4 80. gxf4 Qe1+ 81. Kf3 Qxh4 82. d5 Rd1 83. Ke2 Qe1+ 84. Kf3 Rxd5 85. Rb7 Rd2
86. Qh3 Qe2+ 0-1